000 01157nas a2200361 a 4500
001 vtls001214778
003 NLI
005 20210603170203.0
008 120525m1949uuuuii ar f000 02eng
020 _cRs. 5.00
039 9 _a201205252203
_bVLOAD
_y201203282036
_zVLOAD
040 0 _aNLI
_beng
_cDatasoft_IOD
_eAACR2
041 0 _aeng
044 _aii
082 0 4 _a351.3
110 1 _aIndia.
_bUnion Public Service Commission
_9360759
245 1 0 _aPamphlet for the Indian police service probationens final examintion /
_cUnion Public Service Commission, Government of India
260 _aDelhi :
_bThe Commission,
_c1949-
300 _a- v. ;
_c26 cm.
310 _aAnnual
362 _a1949-
500 _aLibrary has :
650 0 _aEducational tests and measurements
_zIndia
_9130180
650 0 _aExaminations
_zIndia
_9334709
650 0 _aPublic Service Commissions
_zIndia
887 _a
901 _a12823 date
_b16.1.1959
_91950 pt.1
901 _a12820 date
_b16.1.1959
_91950,
_9c.2
901 _a12822 date
_b16.1.1959
_91949
901 _a860 date
_b24.6.1952
_91950
902 _aGP 351.3[1](54) In2pps
942 _2ddc
_cBKS
999 _c518924
_d518924